Chadwick Boseman Movies - Statistics

General Stats
  • This quiz has been taken 13 times
    10 since last reset
  • The average score is 7 of 17
Answer Stats
Hint Answer % Correct
2018 Black Panther
100%
2019 Avengers: Endgame
80%
2018 Avengers: Infinity War
80%
2016 Captain America: Civil War
80%
2019 21 Bridges
70%
2013 42
40%
2020 Ma Rainey's Black Bottom
40%
2020 Da 5 Bloods
30%
2014 Get on Up
30%
2016 Gods of Egypt
30%
2016 Message From the King
20%
2014 Draft Day
10%
2017 Marshall
10%
2017 Spider-Man: Homecoming
10%
2008 The Express
10%
2012 The Kill Hole
10%
TBD Yasuke
0%
No matching quizzes found
Score Distribution
Percent of People with Each Score
Percentile by Number Answered
Your Score History
You have not taken this quiz since the last reset